| 000 | 00866nam a2200229 a 4500 | ||
|---|---|---|---|
| 001 | 000028124 | ||
| 005 | 20240316073901.0 | ||
| 008 | 110406s2003 dr r 000 0 spa d | ||
| 020 | _a9993455334 | ||
| 040 |
_aDO-SdBNP _bspa _cBNPHU |
||
| 082 |
_axxxx _bJ61i, 2002 |
||
| 100 | 1 |
_aJimenes Grullón, Juan Isidro, _d1903-1983 _92482 |
|
| 245 | 1 | 0 |
_aLa ideología revolucionaria de Juan Pablo Duarte / _cJuan Isidro Jimenez Grullón; editor Tomás Castro Burdiez. |
| 250 | _a2a ed. | ||
| 260 |
_aSanto Domingo : _bFundación para la Educación y el Arte (EDUCARTE), _c2003. |
||
| 300 |
_a32 p. ; _c21 cm. |
||
| 490 | 1 | _aCuadernos educativos y culturales | |
| 490 | 1 |
_aIncependencia nacional _v11 |
|
| 504 | _aBibliografía : p. 31-32 | ||
| 700 |
_aCastro, Tomás, _d1959- _eed. _924641 |
||
| 830 | 0 |
_aCuadernos educativos y culturales _pIndependencia nacional; 11 _955130 |
|
| 999 |
_c27616 _d27616 |
||